[Event "Sunway Sitges Online Open"]
[Site "chess.com INT"]
[Date "2020.04.27"]
[Round "9.20"]
[White "Samunenkov, Ihor"]
[Black "Mezentsev, Ivan"]
[Result "1-0"]
[BlackTitle "FM"]
[WhiteElo "2142"]
[BlackElo "2354"]
[WhiteFideId "14187086"]
[BlackFideId "13706195"]
[EventDate "2020.04.19"]

1. d4 Nf6 2. g3 d5 3. Nf3 c6 4. Bg2 Bf5 5. c4 e6 6. Nc3 Be7 7. Qb3 Qb6 8. c5
Qxb3 9. axb3 Na6 10. Ra4 O-O 11. Bf4 Bc2 12. Nd2 Nd7 13. Bh3 f5 14. Nf3 Bxb3 15.
Ra3 Bc2 16. Kd2 Be4 17. Nxe4 dxe4 18. Ne5 Nxe5 19. Bxe5 Rfd8 20. Kc3 Nb8 21. Rb3
Rd7 22. g4 g6 23. gxf5 exf5 24. Kc4 Kf7 25. f3 exf3 26. Rxf3 Bf6 27. Bxf5 gxf5
28. Rxf5 Ke8 29. Rxf6 Rf7 30. Rxf7 Kxf7 31. Rg1 Nd7 32. Rg7+ Ke6 33. Bd6 b5+ 34.
Kd3 Nf6 35. e4 Ne8 36. Re7+ Kf6 37. Rxh7 a5 38. Be5+ Kg6 39. Rb7 Kg5 40. Rb8
Rxb8 41. Bxb8 Nf6 42. Bc7 Kg4 43. Bxa5 Kf3 44. d5 Nxe4 45. Kd4 cxd5 46. Kxd5
Nf6+ 47. Ke6 1-0

[Event "Sunway Sitges Online Open"]
[Site "chess.com INT"]
[Date "2020.04.27"]
[Round "9.21"]
[White "Nguyen, Thanh Thuy Tien"]
[Black "Nechaev, Andrei"]
[Result "1-0"]
[WhiteTitle "WIM"]
[WhiteElo "1971"]
[BlackElo "2353"]
[WhiteFideId "12400998"]
[BlackFideId "14103427"]
[EventDate "2020.04.19"]

1. Nf3 Nf6 2. c4 g6 3. Nc3 Bg7 4. d4 O-O 5. e4 d6 6. Be2 Bg4 7. Be3 Nfd7 8. O-O
Nc6 9. d5 Bxf3 10. Bxf3 Na5 11. Be2 Bxc3 12. bxc3 e5 13. dxe6 fxe6 14. f4 Qe7
15. f5 Ne5 16. Bh6 Rf7 17. fxg6 Rxf1+ 18. Qxf1 hxg6 19. Qf4 Nf7 20. Rf1 e5 21.
Qd2 Kh7 22. Be3 Kg7 23. Qd5 Nc6 24. c5 Rf8 25. Bc4 Nh6 26. Rxf8 Qxf8 27. h3 Nf7
28. Ba6 Qe8 29. Bxb7 Ne7 30. Qd3 Qa4 31. Qe2 a5 32. h4 Qa3 33. Qc2 Nd8 34. Ba6
Ne6 35. Bc4 Nxc5 36. Qf2 1-0

[Event "Sunway Sitges Online Open"]
[Site "chess.com INT"]
[Date "2020.04.27"]
[Round "9.22"]
[White "Badillo Ramos, Steve"]
[Black "Randazzo, Adrian"]
[Result "1/2-1/2"]
[BlackTitle "FM"]
[WhiteElo "2102"]
[BlackElo "2293"]
[WhiteFideId "24526150"]
[BlackFideId "114251"]
[EventDate "2020.04.19"]

1. e4 c5 2. Nf3 d6 3. Bb5+ Nc6 4. Bxc6+ bxc6 5. O-O Bg4 6. c3 e5 7. d4 cxd4 8.
cxd4 exd4 9. Qxd4 Bxf3 10. gxf3 Qf6 11. Qa4 Ne7 12. f4 Qg6+ 13. Kh1 Qh5 14. f3
g6 15. Qd4 Rg8 16. Qxd6 Rd8 17. Qb4 Nf5 18. Qe1 Nd4 19. Be3 Nc2 20. Qc1 Qh3 21.
Na3 Nxa1 22. Qxc6+ Qd7 23. Qxd7+ Rxd7 24. Rxa1 Bxa3 25. bxa3 Ke7 26. Rc1 Rb8 27.
Rc2 Rbb7 28. Kg2 Rbc7 29. Rc5 Rxc5 30. Bxc5+ Ke6 31. Kg3 a6 32. Bb4 Rd1 33. a4
Rg1+ 34. Kf2 Rh1 35. Kg3 Ra1 36. a3 Ra2 37. a5 Rc2 38. Bf8 Rc4 39. h3 Rc8 40.
Bb4 h5 41. Kh4 Rc1 42. Kg3 Kd7 43. Kh4 Rg1 44. f5 gxf5 45. exf5 f6 46. Kxh5 Ke8
47. Kh4 Rg5 48. f4 Rxf5 49. Kg4 Rd5 50. h4 Kf7 51. h5 Kg7 52. Bc3 Kf7 53. Bb4
Rd1 54. Kf5 Rh1 55. Kg4 Ke6 56. Bf8 Rg1+ 57. Kf3 Rg8 58. Bb4 Kf5 59. h6 Rh8 60.
Ke3 Rxh6 61. Kd4 Rh8 62. Bd6 Ke6 63. Bc5 Rd8+ 64. Kc4 Rd2 65. Kc3 Rd1 66. Kc4
Kf5 67. Bd4 Ke6 68. Kc5 Rd3 69. Bg1 Rd1 70. Bd4 Rf1 71. Be3 Rf3 72. Bd2 Rf2 73.
Be3 Re2 74. Bg1 Re1 75. Bf2 Rf1 76. Be3 Rf3 77. Bd2 Rd3 78. Bb4 Rd6 79. f5+ Kd7
80. Kc4 Rd1 81. Bc3 Rc1 82. Kd4 Kc6 83. Kd3 Rd1+ 84. Ke4 Rd6 85. Bb4 Rd8 86. Bc3
Rf8 87. a4 Rf7 88. Bd4 Kd6 89. Bb2 Kc5 90. Kf4 Kd5 91. Bc3 Kc4 92. Ba1 Kd5 93.
Bc3 Kd6 94. Ke4 Kc6 95. Bd4 Rf8 96. Bc3 Kc5 97. Bb2 Kc4 98. Ba1 Re8+ 99. Kf4 Rf8
100. Ke4 Rf7 101. Bb2 Kb3 102. Ba1 Kc4 103. Bb2 Kc5 104. Ba3+ Kc6 105. Bb2 Kd6
106. Ba3+ Kd7 107. Bb2 Kc6 108. Bd4 1/2-1/2

[Event "Sunway Sitges Online Open"]
[Site "chess.com INT"]
[Date "2020.04.27"]
[Round "9.23"]
[White "Hosdurga, Chirag"]
[Black "Ohanyan, Emin"]
[Result "0-1"]
[BlackTitle "FM"]
[WhiteElo "1838"]
[BlackElo "2291"]
[WhiteFideId "438189"]
[BlackFideId "13312022"]
[EventDate "2020.04.19"]

1. d4 Nf6 2. c4 c5 3. d5 b5 4. cxb5 a6 5. bxa6 g6 6. Nc3 Bg7 7. e4 O-O 8. Nf3 d6
9. Be2 Qa5 10. O-O Bxa6 11. Nd2 Nbd7 12. Nb3 Qb4 13. Re1 Rfb8 14. Bd2 Bxe2 15.
Qxe2 Ne8 16. Nb1 Qa4 17. Nc3 Qa6 18. Qxa6 Rxa6 19. Be3 Ne5 20. Red1 Nc7 21. Rab1
Nc4 22. Bd2 Nb5 23. Nxb5 Rxb5 24. Bc1 Rxa2 25. Nd2 Nxd2 26. Rxd2 c4 27. Kf1 c3
28. Rc2 h5 0-1

[Event "Sunway Sitges Online Open"]
[Site "chess.com INT"]
[Date "2020.04.27"]
[Round "9.24"]
[White "Carrasco Miranda, Andres"]
[Black "Otasevic, Djuro"]
[Result "1-0"]
[WhiteElo "2285"]
[BlackElo "1827"]
[WhiteFideId "3405990"]
[BlackFideId "993778"]
[EventDate "2020.04.19"]

1. d4 Nf6 2. c4 e6 3. g3 d5 4. Nf3 Be7 5. Bg2 O-O 6. O-O a6 7. Qc2 dxc4 8. Qxc4
b5 9. Qc2 Bb7 10. Bd2 Nbd7 11. Ba5 Nb6 12. Nbd2 Rc8 13. b4 Bxf3 14. Nxf3 Nc4 15.
a4 Nd5 16. axb5 axb5 17. Rfb1 Ndb6 18. e3 Bf6 19. Rd1 Qe7 20. e4 g6 21. h4 h5
22. e5 Bg7 23. Ng5 Nd5 24. Re1 Rfd8 25. Bh3 Ra8 26. Bxe6 fxe6 27. Qxg6 Ra6 28.
Qxh5 Bf8 29. Re4 Nc3 30. Rg4 Bg7 31. Qh7+ Kf8 32. Qg6 Rxd4 33. Nh7+ Kg8 34. Nf6+
Kf8 35. Rxd4 Ne2+ 36. Kg2 Nxd4 37. f4 Ne3+ 38. Kh3 Bxf6 39. exf6 Qd7 40. Bb6
Rxa1 41. Bc5+ 1-0

[Event "Sunway Sitges Online Open"]
[Site "chess.com INT"]
[Date "2020.04.27"]
[Round "9.25"]
[White "Papadiamandis, Elliot"]
[Black "Albu, George"]
[Result "1/2-1/2"]
[WhiteElo "2269"]
[BlackElo "2142"]
[WhiteFideId "36074160"]
[BlackFideId "1237128"]
[EventDate "2020.04.19"]

1. e4 c5 2. Nc3 e6 3. Nf3 Nc6 4. d4 cxd4 5. Nxd4 Nf6 6. Ndb5 Bb4 7. a3 Bxc3+ 8.
Nxc3 d5 9. exd5 exd5 10. Bd3 O-O 11. O-O d4 12. Ne2 Bg4 13. f3 Bh5 14. Nf4 Bg6
15. Nxg6 hxg6 16. f4 Ne7 17. Qf3 Qb6 18. a4 a6 19. Bd2 Rfe8 20. a5 Qc7 21. Rfe1
Nf5 22. b3 Qd7 23. Bc4 Nd6 24. Bd3 Nf5 25. Re5 Re7 26. Rxe7 Nxe7 27. Re1 Re8 28.
h3 Nc6 29. Rxe8+ Qxe8 30. Kh2 Qd8 31. Bc4 Qc7 32. g3 Qe7 33. Bd3 Kf8 34. Kg2 Qc5
35. Kf1 1/2-1/2

[Event "Sunway Sitges Online Open"]
[Site "chess.com INT"]
[Date "2020.04.27"]
[Round "9.26"]
[White "Haring, Viktor"]
[Black "Adireddy, Tarun"]
[Result "1-0"]
[WhiteTitle "FM"]
[WhiteElo "2298"]
[BlackElo "1696"]
[WhiteFideId "14919400"]
[BlackFideId "25647261"]
[EventDate "2020.04.19"]

1. e4 c5 2. Nf3 d6 3. d4 cxd4 4. Nxd4 Nf6 5. Nc3 a6 6. Be3 e5 7. Nb3 Be6 8. f4
exf4 9. Bxf4 Nc6 10. Qe2 Be7 11. h3 Nd7 12. O-O-O Nce5 13. Kb1 O-O 14. Nd5 Re8
15. g4 Bf8 16. g5 Rc8 17. Qg2 b5 18. h4 Nb6 19. h5 Nxd5 20. exd5 Bg4 21. Be2
Bxe2 22. Qxe2 Ng6 23. Qg4 Nxf4 24. Qxf4 Rc7 25. Nd4 Re5 26. g6 Rxd5 27. Qf3 Rdc5
28. Rdf1 Qd7 29. gxf7+ Qxf7 30. Ne6 Qxf3 31. Rxf3 Rc8 32. Nxc5 dxc5 33. c4 Be7
34. Re1 Bf6 35. h6 bxc4 36. hxg7 Bxg7 37. Re7 Rf8 38. Rxf8+ Kxf8 39. Rc7 c3 40.
bxc3 Bxc3 41. Rxh7 a5 42. Rc7 Bd4 43. Kc2 Bf2 44. Kb3 Ke8 45. Kc4 Kd8 46. Rf7
Be3 47. Rf3 Bd4 48. Rf7 Be3 49. Kb5 Bd2 50. Kxc5 Kc8 51. Kc6 Bb4 52. a4 Kb8 53.
Kb6 Kc8 54. Rc7+ Kb8 55. Rc2 Be1 56. Re2 Kc8 57. Rxe1 Kd8 58. Kc6 Kc8 59. Re8# 1-0

[Event "Sunway Sitges Online Open"]
[Site "chess.com INT"]
[Date "2020.04.27"]
[Round "9.27"]
[White "Silva, Kaua Marques"]
[Black "Molchanov, Oleksii"]
[Result "1/2-1/2"]
[BlackTitle "IM"]
[WhiteElo "2121"]
[BlackElo "2402"]
[WhiteFideId "22701168"]
[BlackFideId "14119820"]
[EventDate "2020.04.19"]

1. e4 c6 2. d4 d5 3. Nc3 dxe4 4. Nxe4 Bf5 5. Ng3 Bg6 6. Bc4 e6 7. N1e2 Nf6 8.
O-O Bd6 9. f4 O-O 10. f5 exf5 11. Nxf5 Bxf5 12. Rxf5 Nbd7 13. Bg5 b5 14. Bb3 h6
15. Bh4 Qe7 16. Qf1 Qe4 17. Bxf6 Nxf6 18. Rxf6 gxf6 19. Qxf6 Qe3+ 20. Kh1 Be7
21. Qxc6 Bg5 22. Qxb5 Rae8 23. Bc4 Qf2 24. Bd3 a6 25. Qc4 Re3 26. Ng1 Re1 27.
Rxe1 Qxe1 28. Bf1 Re8 29. d5 Re4 30. Qxa6 Qd1 31. Nf3 Qxd5 32. Qc8+ Kg7 33. Bd3
Rf4 34. Qc3+ Kg8 35. Qc8+ Kg7 36. Qc3+ Kg8 37. Qb3 Qa8 38. Bc4 Qe8 39. h3 Re4
40. Bd5 Re3 41. Qb4 Re2 42. Qg4 Kf8 43. Qf5 Rf2 44. Bc4 Qe7 45. Qd3 Bf4 46. Qd4
Qe3 47. Qxe3 Bxe3 48. Bd3 f6 49. b4 Ke7 50. a4 Kd6 51. h4 Kc7 52. Kh2 Bf4+ 53.
Kh3 Bd6 54. h5 Bxb4 55. Kg3 Bc5 56. a5 Kb8 57. a6 Ka7 58. Nh4 Kb6 59. Nf5 Rxf5
60. Bxf5 Kxa6 61. Kg4 Kb6 62. Kf4 Ba3 63. Be6 Bc1+ 64. Kf5 Bg5 65. c4 Kc5 66.
Bd5 Kd6 67. g3 Kc5 68. Ke6 f5 69. Kxf5 Bc1 1/2-1/2

[Event "Sunway Sitges Online Open"]
[Site "chess.com INT"]
[Date "2020.04.27"]
[Round "9.28"]
[White "Namitbir, Singh Walia"]
[Black "Manish Anto, Cristiano F"]
[Result "1-0"]
[BlackTitle "FM"]
[WhiteElo "2093"]
[BlackElo "2340"]
[WhiteFideId "35071068"]
[BlackFideId "25095927"]
[EventDate "2020.04.19"]

1. e4 c5 2. Nf3 d6 3. d4 cxd4 4. Nxd4 Nf6 5. f3 e5 6. Nb3 Be6 7. c4 a5 8. Be3
Be7 9. Nc3 a4 10. Nd2 Qa5 11. Be2 O-O 12. O-O Bd8 13. Kh1 Bb6 14. Bxb6 Qxb6 15.
Nxa4 Qa5 16. Nc3 Rd8 17. Nb3 Qb6 18. Qd2 Nc6 19. Rfd1 h6 20. Qe1 Nb4 21. Qg1
Qxg1+ 22. Rxg1 Rdc8 23. Nd2 Nc2 24. Rac1 Nd4 25. Bd3 Nd7 26. Rgd1 Rc6 27. b3 Nc5
28. Bb1 Kf8 29. Kg1 Rac8 30. Kf2 Na6 31. Ne2 Nxe2 32. Kxe2 b5 33. Bd3 Nb4 34. a3
Nxd3 35. Kxd3 Ke7 36. Rc3 Bd7 37. Rdc1 Ra6 38. Ra1 b4 39. Rc2 bxa3 40. Rca2 Rca8
41. Nb1 Rb8 42. Kc3 f5 43. Rxa3 Rab6 44. Nd2 fxe4 45. fxe4 Rf8 46. Rf1 Rfb8 47.
Ra7 Ke6 48. Rf3 g5 49. Rh3 Rh8 50. Rd3 Rhb8 51. c5 Rc8 52. Nc4 Rxc5 53. Rh3 Ke7
54. Rxh6 Kd8 55. Rh8+ Be8 56. Ra8+ 1-0

[Event "Sunway Sitges Online Open"]
[Site "chess.com INT"]
[Date "2020.04.27"]
[Round "9.29"]
[White "Kakabayev, Mergen"]
[Black "Timoshin, Andrei"]
[Result "1-0"]
[WhiteTitle "FM"]
[WhiteElo "2285"]
[BlackElo "2132"]
[WhiteFideId "14002990"]
[BlackFideId "4503503"]
[EventDate "2020.04.19"]

1. e4 c5 2. Nf3 Nc6 3. Bb5 g6 4. Bxc6 dxc6 5. h3 Bg7 6. d3 Nf6 7. Be3 b6 8. Nc3
O-O 9. Qd2 e5 10. a3 a5 11. Ne2 Qd6 12. Bh6 Be6 13. Ng3 Ne8 14. h4 f6 15. Bxg7
Kxg7 16. h5 g5 17. Qe3 Kh8 18. O-O-O Nc7 19. h6 Qe7 20. Nf5 Bxf5 21. exf5 Qd7
22. g4 Nd5 23. Qe4 Qd6 24. Nd2 b5 25. Qe1 a4 26. Ne4 Qe7 27. c4 Nc7 28. Qe3 Na6
29. Kd2 Rab8 30. Ke2 Rfd8 31. Kf3 bxc4 32. dxc4 Rd4 33. Kg2 Rb3 34. Qe2 Nb8 35.
Rxd4 cxd4 36. Rh3 Rb7 37. b4 Nd7 38. c5 Qd8 39. Nd6 Qa8 40. Qc4 Nf8 41. Nf7+ Kg8
42. Nxg5+ 1-0

[Event "Sunway Sitges Online Open"]
[Site "chess.com INT"]
[Date "2020.04.27"]
[Round "9.30"]
[White "Hamley, Ryan"]
[Black "Gavilan Diaz, Mario"]
[Result "0-1"]
[BlackTitle "FM"]
[WhiteElo "2089"]
[BlackElo "2278"]
[WhiteFideId "30959497"]
[BlackFideId "2260905"]
[EventDate "2020.04.19"]

1. d4 Nf6 2. c4 c5 3. e3 cxd4 4. exd4 d5 5. Nc3 Nc6 6. Be3 Bg4 7. Qa4 e6 8. Nf3
Bxf3 9. gxf3 a6 10. Rc1 Be7 11. c5 O-O 12. Be2 b5 13. cxb6 Qxb6 14. O-O Rfc8 15.
Rc2 Bd6 16. Rfc1 Ne7 17. Bg5 Rc7 18. Nb5 Rxc2 19. Rxc2 h6 20. Bd2 Nf5 21. Bd3
Nh4 22. Be2 Nxf3+ 23. Bxf3 Qxb5 24. Qxb5 axb5 25. Rc6 Bf8 26. Rb6 Rxa2 27. Rxb5
g5 28. Bc3 g4 29. Be2 Ra1+ 30. Kg2 h5 31. Ba5 Bd6 32. Bd8 Ne4 33. Bd3 Nd2 34.
Ra5 Rxa5 35. Bxa5 Nf3 36. Bc3 Nxh2 37. b4 Nf3 38. b5 Bc7 39. Be2 Nh4+ 40. Kg1
Nf5 41. Bd3 Nd6 42. Bb4 Nc8 43. Kg2 h4 0-1

[Event "Sunway Sitges Online Open"]
[Site "chess.com INT"]
[Date "2020.04.27"]
[Round "9.31"]
[White "Gluhovsky, Mark"]
[Black "Zilleruelo Irizarry, Diego"]
[Result "1-0"]
[WhiteElo "2271"]
[BlackElo "2081"]
[WhiteFideId "24165514"]
[BlackFideId "3101460"]
[EventDate "2020.04.19"]

1. e4 c6 2. d4 d5 3. e5 c5 4. dxc5 Nc6 5. a3 Nxe5 6. b4 Nf6 7. Bb2 Nc6 8. Nf3 e6
9. Nbd2 a5 10. Nd4 Nxd4 11. Bxd4 axb4 12. axb4 Rxa1 13. Qxa1 Be7 14. Bd3 Bd7 15.
O-O O-O 16. Nf3 h6 17. Qa7 Qc8 18. Ne5 Qc7 19. b5 Rc8 20. b6 Qd8 21. Qxb7 Bxc5
22. Bxc5 Rxc5 23. Ra1 Rc8 24. Ra7 1-0

[Event "Sunway Sitges Online Open"]
[Site "chess.com INT"]
[Date "2020.04.27"]
[Round "9.32"]
[White "Sterck, Arno"]
[Black "Sanati, Charlotte"]
[Result "1-0"]
[WhiteTitle "FM"]
[WhiteElo "2259"]
[BlackElo "2041"]
[WhiteFideId "228249"]
[BlackFideId "12907707"]
[EventDate "2020.04.19"]

1. Nf3 d5 2. e3 c6 3. c4 Nf6 4. Nc3 e6 5. b3 Nbd7 6. Qc2 Bd6 7. Bb2 b6 8. cxd5
exd5 9. Nd4 Bb7 10. Be2 O-O 11. g4 Re8 12. Nf5 Be5 13. g5 Ne4 14. f4 Bxc3 15.
Bxc3 Nxc3 16. Qxc3 f6 17. Rg1 g6 18. Nd6 Qc7 19. Nxe8 Rxe8 20. gxf6 Qd6 21. f5
Kf7 22. fxg6+ hxg6 23. O-O-O Ne5 24. d4 Nd7 25. Bd3 Rg8 26. Qc2 Nf8 27. Rg3 Bc8
28. Rdg1 g5 29. Rxg5 Rxg5 30. Rxg5 Qxf6 31. Rg2 Ke7 32. Qf2 Qh6 33. Qg3 Ne6 34.
Kb2 Qf6 35. Rf2 Qh6 36. Bg6 1-0

[Event "Sunway Sitges Online Open"]
[Site "chess.com INT"]
[Date "2020.04.27"]
[Round "9.33"]
[White "Baranciuc, Alexandr"]
[Black "Shome, Shiv"]
[Result "1/2-1/2"]
[WhiteElo "2006"]
[BlackElo "2237"]
[WhiteFideId "13908669"]
[BlackFideId "46608850"]
[EventDate "2020.04.19"]

1. e4 e5 2. Nf3 Nc6 3. Bb5 a6 4. Ba4 Nf6 5. O-O Be7 6. Re1 b5 7. Bb3 d6 8. c3
O-O 9. h3 Nb8 10. d4 Nbd7 11. c4 c6 12. Qc2 Bb7 13. Nc3 b4 14. Ne2 c5 15. d5 Nb6
16. Qd3 a5 17. a4 Ba6 18. Ng3 Re8 19. Bd2 h6 20. Rec1 Bf8 21. Bd1 Nbxd5 22. exd5
e4 23. Qe3 exf3 24. Qxf3 g6 25. b3 Bg7 26. Bc2 Ra7 27. Re1 Rae7 28. Rxe7 Rxe7
29. Re1 Rxe1+ 30. Bxe1 Nd7 31. Qe4 Nf6 32. Qf3 Bc8 33. Bd2 Qe7 34. Kf1 Ne8 1/2-1/2

[Event "Sunway Sitges Online Open"]
[Site "chess.com INT"]
[Date "2020.04.27"]
[Round "9.34"]
[White "Van Baar, Esper"]
[Black "Lopez Idarraga, Daniel Eduardo"]
[Result "0-1"]
[WhiteTitle "FM"]
[BlackTitle "FM"]
[WhiteElo "2223"]
[BlackElo "2009"]
[WhiteFideId "1049321"]
[BlackFideId "4405501"]
[EventDate "2020.04.19"]

1. e4 e6 2. d4 d5 3. Nd2 c5 4. Ngf3 Nc6 5. exd5 Qxd5 6. Bc4 Qd7 7. dxc5 Bxc5 8.
O-O Nf6 9. Qe2 O-O 10. Nb3 Bd6 11. Bg5 Qc7 12. Bxf6 gxf6 13. h3 Bd7 14. Rad1
Rad8 15. c3 Kh8 16. Rfe1 Rg8 17. Kh1 Ne7 18. Bd3 Nd5 19. Qe4 Rg7 20. Bb1 Bc6 21.
Qh4 Nf4 22. Qxf6 Nxg2 0-1

[Event "Sunway Sitges Online Open"]
[Site "chess.com INT"]
[Date "2020.04.27"]
[Round "9.35"]
[White "Daakshin, Arun"]
[Black "Bin-Suhayl, Ieysaa"]
[Result "1-0"]
[WhiteElo "1758"]
[BlackElo "2193"]
[WhiteFideId "366195016"]
[BlackFideId "429031"]
[EventDate "2020.04.19"]

1. d4 Nf6 2. c4 e6 3. Nc3 Bb4 4. e3 O-O 5. Bd3 d5 6. Ne2 c5 7. O-O Nc6 8. cxd5
exd5 9. a3 Bxc3 10. bxc3 c4 11. Bc2 Re8 12. f3 b5 13. Ng3 a5 14. e4 Bb7 15. e5
Nd7 16. Nf5 Qc7 17. f4 Nf8 18. Qg4 g6 19. Nh6+ Kh8 20. f5 Bc8 21. Bg5 Nd7 22.
Nxf7+ Kg7 23. e6 Nf8 24. Qh4 Bxe6 25. fxe6 Nxe6 26. Qh6+ Kg8 27. Bxg6 Nxg5 28.
Qxg5 Qe7 29. Bxh7+ Kxh7 30. Qh6+ 1-0

[Event "Sunway Sitges Online Open"]
[Site "chess.com INT"]
[Date "2020.04.27"]
[Round "9.36"]
[White "Harper, Ryan"]
[Black "Srikrishnan, P"]
[Result "1/2-1/2"]
[WhiteTitle "FM"]
[WhiteElo "2189"]
[BlackElo "1944"]
[WhiteFideId "7700156"]
[BlackFideId "45011095"]
[EventDate "2020.04.19"]

1. e4 e6 2. d4 d5 3. Nc3 Nf6 4. e5 Nfd7 5. f4 c5 6. Nf3 Nc6 7. Be3 a6 8. Qd2 b5
9. dxc5 Bxc5 10. Bd3 Qb6 11. Bf2 b4 12. Na4 Bxf2+ 13. Qxf2 Qxf2+ 14. Kxf2 Bb7
15. Rhc1 Ke7 16. c3 Rhc8 17. Ke3 bxc3 18. Rxc3 Nb4 19. Nd4 g5 20. g3 Rxc3 21.
bxc3 Nxd3 22. Kxd3 gxf4 23. gxf4 a5 24. Rb1 Ba6+ 25. Ke3 Rc8 26. Rb3 h5 27. a3
h4 28. Kf3 Rc4 29. Nb2 a4 30. Nxc4 axb3 31. Nb2 Nc5 32. Kg4 Bc4 33. Kxh4 Ne4 34.
a4 Nxc3 35. Kg4 Ne2 36. Nxe2 Bxe2+ 37. Kg3 Ba6 38. Kf3 Kf8 39. Ke3 Kg7 40. Kd4
Kg6 41. h4 Kh5 42. Kc3 Kxh4 43. Kxb3 Kg3 44. Kc3 Kxf4 45. Kd4 Be2 46. a5 Ba6 47.
Nd3+ Kf5 48. Nc5 Bc8 49. a6 Bxa6 50. Nxa6 f6 51. exf6 Kxf6 52. Nc5 e5+ 53. Kxd5
e4 54. Nxe4+ 1/2-1/2

[Event "Sunway Sitges Online Open"]
[Site "chess.com INT"]
[Date "2020.04.27"]
[Round "9.37"]
[White "Marinskii, Yurii"]
[Black "Dewangan, Aayush"]
[Result "1-0"]
[WhiteElo "2142"]
[BlackElo "1480"]
[WhiteFideId "34215425"]
[BlackFideId "469700"]
[EventDate "2020.04.19"]

1. e4 c5 2. Nc3 d6 3. g3 Nc6 4. Bg2 g6 5. d3 Bg7 6. f4 e6 7. Nf3 Nge7 8. O-O a6
9. a4 c4 10. dxc4 Na5 11. c5 dxc5 12. Qxd8+ Kxd8 13. e5 Kc7 14. Ne4 Nd5 15. Nxc5
Bf8 16. Ne4 Bd7 17. b3 Bc6 18. Nfg5 Be8 19. Bd2 Nc6 20. c4 Ndb4 21. Nf6 Bc5+ 22.
Kh1 Rd8 23. Nxe8+ Rhxe8 24. Bxb4 Nxb4 25. Nxf7 Rd3 26. Rf3 Rxf3 27. Bxf3 Nc2 28.
Rd1 Nd4 29. Rd3 Nc2 30. Be4 Nd4 31. b4 Ba7 32. Nd6 Rb8 33. c5 Nc6 34. b5 Nb4 35.
b6+ Bxb6 36. cxb6+ Kxb6 37. Rc3 Ka5 38. Bxb7 Kxa4 39. Rc8 Rxc8 40. Bxc8 a5 41.
Bxe6 Nc6 42. Bd7 Kb4 43. Bxc6 a4 44. Bxa4 Kxa4 45. e6 Kb4 46. e7 Kc5 47. e8=Q
Kxd6 48. g4 h5 49. gxh5 gxh5 50. h4 Kc5 51. f5 Kd4 52. f6 Kd5 53. f7 Kd6 54.
f8=Q+ Kd5 55. Qfe7 Kd4 56. Q8d8+ Kc4 57. Qec7+ Kb3 58. Qdb8+ Ka2 59. Qca7# 1-0

[Event "Sunway Sitges Online Open"]
[Site "chess.com INT"]
[Date "2020.04.27"]
[Round "9.38"]
[White "Liang, Jason"]
[Black "Pozzari, Simone"]
[Result "1-0"]
[WhiteTitle "FM"]
[WhiteElo "2340"]
[BlackElo "2022"]
[WhiteFideId "30940303"]
[BlackFideId "2831282"]
[EventDate "2020.04.19"]

1. e4 c5 2. Nc3 Nc6 3. Nf3 d6 4. d4 cxd4 5. Nxd4 e5 6. Nf3 h6 7. Bc4 Nf6 8. O-O
Be7 9. h3 O-O 10. Qe2 Be6 11. Rd1 Rc8 12. Bb3 Qd7 13. Be3 Rfd8 14. Nh2 Qc7 15.
Qf3 Qb8 16. Ng4 Kh7 17. Nxf6+ Bxf6 18. Nd5 Bxd5 19. Rxd5 Qc7 20. c3 Qe7 21. Rad1
b6 22. Rxd6 Nd4 23. R6xd4 exd4 24. cxd4 Rc7 25. Qg4 g6 26. e5 Bg7 27. f4 Qd7 28.
Qf3 a5 29. Rd3 Qb5 30. Qd1 a4 31. Bxa4 Qxb2 32. Bb3 Bf8 33. Kh2 Kg7 34. f5 Rc3
35. f6+ Kg8 36. Rd2 Qa3 37. Qb1 1-0

[Event "Sunway Sitges Online Open"]
[Site "chess.com INT"]
[Date "2020.04.27"]
[Round "9.39"]
[White "Raahul, V S"]
[Black "Verbin, Valentina"]
[Result "1-0"]
[WhiteElo "2259"]
[BlackElo "1982"]
[WhiteFideId "25035525"]
[BlackFideId "13905910"]
[EventDate "2020.04.19"]

1. c4 e6 2. g3 Nf6 3. Bg2 d5 4. Nf3 Be7 5. O-O O-O 6. d4 c6 7. Qc2 b6 8. Nbd2
Bb7 9. e4 dxe4 10. Nxe4 Nbd7 11. Bf4 c5 12. Nd6 Bxf3 13. Bxf3 cxd4 14. Bxa8 Qxa8
15. Qd2 e5 16. Nf5 Bd8 17. Bh6 gxh6 18. f4 Qe4 19. fxe5 Nxe5 20. Qxh6 Ne8 21.
Rf4 Qc6 22. Re1 Qxh6 23. Nxh6+ Kg7 24. Nf5+ Kh8 25. Rxe5 Bc7 26. Ree4 Bxf4 27.
Rxf4 Ng7 28. Nxd4 Rc8 29. Rxf7 Kg8 30. Rxa7 Rxc4 31. Rd7 Rc1+ 32. Kg2 Rb1 33. b3
Rb2+ 34. Kh3 Rxa2 35. Rb7 Rd2 36. Nf3 Rd6 37. Rb8+ Kf7 38. Ne5+ Kf6 39. Nc4 Rd3
40. Rxb6+ Ne6 41. b4 h5 42. Rd6 Rb3 43. Nb6 Kf5 44. Rd5+ Kg6 45. Rd6 Kf5 46. Nc4
Rxb4 47. Ne3+ Ke5 48. Rd2 Ng5+ 49. Kg2 h4 50. Rd5+ Kf6 51. Rd2 h3+ 52. Kf1 Rb1+
53. Ke2 Rh1 54. Kd3 Kg6 55. Rf2 Ra1 56. Nc4 Rd1+ 57. Kc2 Rg1 58. Ne5+ Kg7 59.
Kd3 Rd1+ 60. Ke3 Re1+ 61. Re2 Ra1 62. Kf4 Kf6 63. Kg4 Ra5 64. Rf2+ Kg7 65. Kxg5
Rxe5+ 66. Kg4 Kg6 67. Kxh3 Rh5+ 68. Kg2 Kg5 69. h4+ Kg6 70. Kh3 Ra5 71. Kg4 Rb5
72. h5+ Kg7 73. Kh4 1-0

[Event "Sunway Sitges Online Open"]
[Site "chess.com INT"]
[Date "2020.04.27"]
[Round "9.40"]
[White "Dong, Bao Nghia"]
[Black "Triboi, Alexander"]
[Result "1/2-1/2"]
[WhiteElo "2227"]
[BlackElo "1981"]
[WhiteFideId "12400343"]
[BlackFideId "13908162"]
[EventDate "2020.04.19"]

1. d4 Nf6 2. Bf4 c5 3. e3 g6 4. h3 Bg7 5. Nf3 cxd4 6. exd4 d5 7. c3 O-O 8. Bd3
Nc6 9. O-O b6 10. Nbd2 Bb7 11. Re1 Rc8 12. a4 Re8 13. Bh2 Nd7 14. Qb3 e5 15.
dxe5 Ndxe5 16. Bxe5 Nxe5 17. Nxe5 Rxe5 18. Rxe5 Bxe5 19. Re1 Bd6 20. Nf3 Bc5 21.
Bb5 Qf6 22. Qd1 a6 23. Bf1 d4 24. Nxd4 Rd8 25. Qd2 Bxd4 26. cxd4 Rxd4 27. Re8+
Kg7 28. Qc3 Rd6 29. Qa3 a5 30. Rb8 Bd5 31. b4 Rd8 32. Rxd8 Qxd8 33. bxa5 bxa5
34. Qc3+ Kg8 35. Qd4 Qa8 36. h4 h5 37. Qf6 Qc6 38. Qd8+ Kh7 39. Qxa5 Bb3 1/2-1/2

[Event "Sunway Sitges Online Open"]
[Site "chess.com INT"]
[Date "2020.04.27"]
[Round "9.41"]
[White "Domene Mulyukov, Alexander"]
[Black "Makkar, Rajat"]
[Result "0-1"]
[BlackTitle "CM"]
[WhiteElo "1931"]
[BlackElo "2214"]
[WhiteFideId "24589802"]
[BlackFideId "36016810"]
[EventDate "2020.04.19"]

1. e4 e5 2. Nf3 Nc6 3. d4 exd4 4. Nxd4 Qf6 5. Nb3 Qg6 6. f3 Bd6 7. g4 h5 8. g5
f6 9. Bd3 fxg5 10. Qe2 Qf6 11. Nc3 Nge7 12. Bd2 b6 13. O-O-O Bb7 14. Kb1 O-O-O
15. Ba6 Rhf8 16. Rhf1 Bxa6 17. Qxa6+ Kb8 18. Be3 Bf4 19. Bg1 Qe5 20. Nb5 Nc8 21.
Bd4 Nxd4 22. Rxd4 c6 23. Na3 Bxh2 24. Rfd1 Qc7 25. Nc4 g4 26. fxg4 hxg4 27. e5
g3 28. Ne3 g2 29. Nxg2 Bxe5 30. Rb4 d5 31. a4 c5 32. Rb5 Nd6 33. Nxc5 Nxb5 34.
Ne6 Na3+ 35. Ka2 Qxc2 36. Rd4 Bxd4 37. Nxd4 Qc4+ 0-1